Star Wars Death Row Quiz Stats

 Plays Quiz Updated Jan 16, 2020

     
Support Sporcle.
Go Orange.
Score 0/24 Timer 06:00
44 Plays Today
% Correct
Count Dooku
93.3%
Obi-Wan Kenobi
93.2%
Emperor Palpatine
92.7%
General Grievous
92.3%
Yoda
92.1%
Mace Windu
91.5%
Jango Fett
91.4%
Shmi Skywalker
90.6%
Padmé Amidala
89.1%
Anakin Skywalker
88.9%
Greedo
87.8%
Jabba's Rancor
86%
% Correct
Kylo Ren
85.9%
Owen Lars
83.7%
Han Solo
82.5%
Grand Moff Tarkin
82.2%
Ki-Adi-Mundi
73.7%
Nute Gunray
73.4%
Kit Fisto
72%
Bail Organa
68.9%
Zam Wesell
63.3%
Admiral Ackbar
42.1%
Luke Skywalker
33.4%
Princess Leia
21.8%

From the Vault

Jobs In Song Lyrics

by JoeBeta

Music 9m
People are always telling musicians to get a real job, but they'd rather sing about it instead.
Remove Ads.
Support Sporcle.
Get the best of Sporcle when you Go Orange. This ad-free experience offers more features, more stats, and more fun while also helping to support Sporcle. Thank you for becoming a member.

Show Comments

Extras

Top Quizzes Today


Score Distribution

Your Account Isn't Verified!

In order to create a playlist on Sporcle, you need to verify the email address you used during registration. Go to your Sporcle Settings to finish the process.

Report this User

Report this user for behavior that violates our Community Guidelines.

Details: